| 000 | 00631cam a22001935a 4500 | ||
|---|---|---|---|
| 001 | L150544 | ||
| 008 | 100726e20100723xxk 000 0 eng d | ||
| 035 | _a(Sirsi) u150544 | ||
| 041 | 0 | _aeng | |
| 100 | 1 | _aLane, Thomas | |
| 245 | 0 | 4 | _aThe SAP affair |
| 260 | _c2010 | ||
| 490 |
_aBuilding _v275(8639) 23 July 2010, 22-23(2) |
||
| 520 | _aStandard assessment procedure (SAP) is software used to calculate that new homes are compliant with Part L of the Building Regulations; commentary on the weaknesses of the software. | ||
| 590 | _aKA | ||
| 651 | 4 |
_aUnited Kingdom _y |
|
| 690 |
_aBuilding regulations _96224 |
||
| 942 | _n0 | ||
| 999 |
_c82552 _d82552 |
||